A dictionary of synonyms and antonyms and 5000 words most often mispronounced. (Record no. 963)

000 -LEADER
fixed length control field 00610nam a2200181 a 4500
001 - CONTROL NUMBER
control field :::00014142$&:&@@
003 - CONTROL NUMBER IDENTIFIER
control field OkBaRHE
005 - DATE AND TIME OF LATEST TRANSACTION
control field 20100325145944.0
008 - FIXED-LENGTH DATA ELEMENTS--GENERAL INFORMATION
fixed length control field s1938 j 000 0 eng u
040 ## - CATALOGING SOURCE
Transcribing agency
100 1# - MAIN ENTRY--PERSONAL NAME
Personal name Devlin, Joseph.
245 12 - TITLE STATEMENT
Title A dictionary of synonyms and antonyms and 5000 words most often mispronounced.
260 ## - PUBLICATION, DISTRIBUTION, ETC. (IMPRINT)
Place of publication, distribution, etc Cleveland, NY., :
Name of publisher, distributor, etc The World Publishing Company
Date of publication, distribution, etc 1938
300 ## - PHYSICAL DESCRIPTION
Extent 235 p. ;
Dimensions 23 cm.
650 ## - SUBJECT ADDED ENTRY--TOPICAL TERM
Topical term or geographic name as entry element English Language
General subdivision Dictionaries
942 ## - ADDED ENTRY ELEMENTS (KOHA)
Source of classification or shelving scheme
Koha item type Books
Copies
Price effective from Barcode Permanent Location Koha item type Withdrawn status Source of classification or shelving scheme Shelving location Damaged status Lost status Date last seen Not for loan Full call number Copy number Date acquired Collection code
2010-04-1414142RHEMA Bible Training CollegeBooks  General Stacks  2010-04-14 PE 6120 .D412010-04-14Reference